Score 0/21 Timer 03:00
0 Plays Today
Clue 5-Letter Word % Correct
★Once ninth planet★ ★PLUTO★
98.4%
Pirates' foes walk onePLANK
94.4%
The Australian flag has sixSTARS
94%
Pile of pancakesSTACK
92.9%
Aristotle's teacherPLATO
91.8%
Coffee without creamBLACK
91.8%
Tony of 'Iron Man' moviesSTARK
90.7%
Piece of chinaPLATE
88.8%
_______BLANK
87.6%
LoosenessSLACK
86.4%
ChairsSEATS
82%
Clue 5-Letter Word % Correct
Runway model?PLANE
81.1%
Roebuck's partnerSEARS
79%
Mutton and vealMEATS
77.6%
Emulates the Wicked WitchMELTS
60.6%
Sheds skinMOLTS
60.4%
Gets into shape?MOLDS
53.8%
★Very silly★ ★GOOFY★
50.1%
AttitudesMOODS
50.1%
Merchant's inventoryGOODS
46.6%
A little treatGOODY
44.5%

Today's Daily Dose

Missing Word
Train Books

Word Ladder
Piano Man

Quick Pick
Google Products

Get the Picture
Moana or Coco

Remove Ads.
Support Sporcle.
Get the best of Sporcle when you Go Orange. This ad-free experience offers more features, more stats, and more fun while also helping to support Sporcle. Thank you for becoming a member.

You're not logged in!

Compare scores with friends on all Sporcle quizzes.
OR
Log In

Show Comments

Extras

Top Quizzes Today


Score Distribution

Your Account Isn't Verified!

In order to create a playlist on Sporcle, you need to verify the email address you used during registration. Go to your Sporcle Settings to finish the process.

Report this User

Report this user for behavior that violates our Community Guidelines.

Details: